LEADER 01680nam 2200433 a 450 001 9910700706203321 005 20111028145144.0 035 $a(CKB)5470000002411950 035 $a(OCoLC)753978690 035 $a(EXLCZ)995470000002411950 100 $a20110921d2011 ua 0 101 0 $aeng 135 $aurmn||||||||| 181 $ctxt$2rdacontent 182 $cc$2rdamedia 183 $acr$2rdacarrier 200 04$aThe 2002 Rodeo-Chediski Wildfire's impacts on southwestern ponderosa pine ecosystems, hydrology, and fuels$b[electronic resource] /$fPeter F. Fflliott ... [and others] 210 1$aFort Collins, Colo. :$cU.S. Dept. of Agriculture, Forest Service, Rocky Mountain Research Station,$d[2011] 215 $a1 online resource (iv, 36 pages) $ccolor illustrations, color map 300 $aTitle from title screen (viewed on Sept. 20, 2011). 300 $a"June 2011." 320 $aIncludes bibliographical references (pages 30-36). 606 $aForest fires$zArizona 606 $aBiotic communities$zArizona 606 $aForest fires$xEnvironmental aspects$zArizona$xEvaluation 606 $aPonderosa pine$zArizona 615 0$aForest fires 615 0$aBiotic communities 615 0$aForest fires$xEnvironmental aspects$xEvaluation. 615 0$aPonderosa pine 701 $aFfolliott$b Peter F$0523390 712 02$aRocky Mountain Research Station (Fort Collins, Colo.) 801 0$bGPO 801 1$bGPO 801 2$bGPO 906 $aBOOK 912 $a9910700706203321 996 $aThe 2002 Rodeo-Chediski Wildfire's impacts on southwestern ponderosa pine ecosystems, hydrology, and fuels$93521592 997 $aUNINA LEADER 01079nam0 22002771i 450 001 UON00041568 005 20231205102148.371 100 $a20020107d1972 |0itac50 ba 101 $arus 102 $aSU 105 $a|||| 1|||| 200 1 $aDvenadcat'i vorot Bukary$fDzalol Ikrami 210 $aMoskva$cIzdatel'stvo "Izvestija"$d1972 215 $a393 p.$cill.$d22 cm 410 1$1001UON00041567$12001 $aBiblioteka "Druzby Narodov" 606 $aLetteratura tagica$xProsa$xSec. 20$3UONC012054$2FI 620 $aRU$dMoskva$3UONL003152 686 $aAC VI AC$cASIA CENTRALE - LETTERATURA IRANICA SOVIETICA$2A 700 1$aIKRAMI$bDzalol$3UONV026441$0648106 712 $aIzdatel'stvo Izvestija$3UONV251890$4650 801 $aIT$bSOL$c20251107$gRICA 899 $aSIBA - SISTEMA BIBLIOTECARIO DI ATENEO$2UONSI 912 $aUON00041568 950 $aSIBA - SISTEMA BIBLIOTECARIO DI ATENEO$dSI AC VI AC 004 $eSI SA 36995 5 004 996 $aDvenadcat'i vorot Bukary$91152221 997 $aUNIOR